Drama inspiromat (nejen) pro učitele : dramatická výchova jako prostředek inkluzivního vzdělávání /

Hlavní autor: Svobodová, Radka
Další autoři: Švábová, Lucie, 1975-
Jazyk: Čeština
Vydáno: Praha : Základní umělecká škola Popelka, 2021
Vydání: 1. vydání
Témata:
Fyzický popis: 113 stran : barevné ilustrace ; 23 cm
Knihy
Uloženo v:
LEADER 02373nam a2200625 i 4500
001 nkc20213351715
003 CZ PrNK
005 20230515101725.0
007 ta
008 210913s2021 xr a e f 000 0 cze
015 |a cnb003351715 
020 |a 978-80-11-00398-2  |q (brožováno) 
035 |a (OCoLC)1310112965 
040 |a BOA001  |b cze  |e rda 
072 7 |a 37.09  |x Organizace výuky a vzdělávání  |2 Konspekt  |9 22 
080 |a 37.091.313  |2 MRF 
080 |a 792:37.016  |2 MRF 
080 |a 37.091.33  |2 MRF 
080 |a 37.091.33:316.6  |2 MRF 
080 |a 37.015.31:316.42  |2 MRF 
080 |a 37.043.2  |2 MRF 
080 |a 373.3  |2 MRF 
080 |a (072)  |2 MRF 
100 1 |a Svobodová, Radka  |7 mzk2006367987  |4 aut 
245 1 0 |a Drama inspiromat (nejen) pro učitele :  |b dramatická výchova jako prostředek inkluzivního vzdělávání /  |c Radka Svobodová, Lucie Švábová 
250 |a 1. vydání 
264 1 |a Praha :  |b Základní umělecká škola Popelka,  |c 2021 
300 |a 113 stran :  |b barevné ilustrace ;  |c 23 cm 
336 |a text  |b txt  |2 rdacontent 
337 |a bez média  |b n  |2 rdamedia 
338 |a svazek  |b nc  |2 rdacarrier 
504 |a Obsahuje bibliografii 
650 0 7 |a aktivizační metody ve výuce  |7 ph446679  |2 czenas 
650 0 7 |a dramatická výchova  |7 ph114357  |2 czenas 
650 0 7 |a didaktické hry  |7 ph119432  |2 czenas 
650 0 7 |a sociálněpsychologické hry  |7 ph173208  |2 czenas 
650 0 7 |a osobnostní a sociální výchova  |7 ph351300  |2 czenas 
650 0 7 |a integrovaná výchova a vzdělávání  |7 ph121132  |2 czenas 
650 0 7 |a základní školy  |7 ph116795  |2 czenas 
650 0 9 |a activisation methods in education  |2 eczenas 
650 0 9 |a theatre in education  |2 eczenas 
650 0 9 |a educational games  |2 eczenas 
650 0 9 |a social psychological games  |2 eczenas 
650 0 9 |a personal and social education  |2 eczenas 
650 0 9 |a integrated education  |2 eczenas 
650 0 9 |a elementary schools  |2 eczenas 
655 7 |a metodické příručky  |7 fd132826  |2 czenas 
655 9 |a methodological manuals  |2 eczenas 
700 1 |a Švábová, Lucie,  |d 1975-  |7 pna20221136322  |4 aut 
910 2 |a BOA001  |b 2-1478.934 
928 9 |a Základní umělecká škola Popelka 
990 |a BK 
995 |a 01 
991 |b 202202  |c NOV 
996 6 |b 2610890982  |c 2-1478.934  |l MZK  |r Sklad / do 1 hodiny  |n 1  |p p.v.  |w 001874579  |u 000010  |a 1  |e BOA001  |j MZK50  |s P